SANSKRIT HINDI SABDKOSH (Record no. 8526)
[ view plain ]
| 000 -LEADER | |
|---|---|
| fixed length control field | 00285nam a22001337a 4500 |
| 003 - CONTROL NUMBER IDENTIFIER | |
| control field | SGT |
| 082 ## - DEWEY DECIMAL CLASSIFICATION NUMBER | |
| Classification number | 603 |
| Item number | S00A |
| 100 ## - MAIN ENTRY--PERSONAL NAME | |
| Personal name | AAPTE,WAMAN SHIVRAM |
| 245 ## - TITLE STATEMENT | |
| Title | SANSKRIT HINDI SABDKOSH |
| 260 ## - PUBLICATION, DISTRIBUTION, ETC. (IMPRINT) | |
| Place of publication, distribution, etc | VARANASI |
| Name of publisher, distributor, etc | CHAUKHAMBHA |
| Year of Publication | SN |
| 300 ## - PAGE DESCRIPTION | |
| No. of Pages | 1440 |
| 650 ## - SUBJECT ADDED ENTRY--TOPICAL TERM | |
| Topical term or geographic name as entry element | DICTIONARY |
| 942 ## - ADDED ENTRY ELEMENTS (KOHA) | |
| Source of classification or shelving scheme | Dewey Decimal Classification |
| Koha item type | Books |
| Withdrawn status | Lost status | Source of classification or shelving scheme | Damaged status | Use restrictions | Not for loan | Collection code | Home library | Current library | Shelving location | Date acquired | Vendor Name | Cost, normal purchase price | SGTU | Bill Number | Full call number | Accession No. (Barcode) | Date last seen | Bill Date | Koha item type |
|---|---|---|---|---|---|---|---|---|---|---|---|---|---|---|---|---|---|---|---|
| Dewey Decimal Classification | Restricted Access | AYURVEDA | SGT FA-FP Library | SGT FA-FP Library | Reference Book | 18/03/2016 | CHAUKHAMBHA | 450.00 | SGTU | CP/B/724 | 603 S00A | FA3817 | 18/03/2016 | 16/12/2015 | Books | ||||
| Dewey Decimal Classification | Restricted Access | AYURVEDA | SGT FA-FP Library | SGT FA-FP Library | Reference Book | 18/03/2016 | CHAUKHAMBHA | 450.00 | SGTU | CP/B/724 | 603 S00A | FA3818 | 18/03/2016 | 16/12/2015 | Books |